Chansons de Gilbert Montagné - Mort subite - Statistiques

Statistiques générales
  • Ce quiz a été pris 1 520 fois
  • Le résultat moyen est 5 sur 10
Answers on the Grid
Answers color-coded by a green-red scale on the quiz's grid according to % correct below.
On va s'aimer
J'ai le blues de toi
Liberté
Sous les sunlights des tropiques
The Fool
Just for Tonight
Musicienne
Toujours envie de te revoir
Sans elle
Laissez les enfants rêver
Partenaire Particulier
Les démons de minuit
Face à la mer
Sapés comme jamais
Femmes à lunettes
Douce France
Bambino
Belles, belles, belles
Alexandrie Alexandra
La Bohème
 
Statistiques - réponses
Réponse % Correct
Sous les sunlights des tropiques
91%
On va s'aimer
90%
J'ai le blues de toi
53%
Toujours envie de te revoir
48%
Laissez les enfants rêver
44%
Sans elle
44%
Musicienne
43%
Liberté
41%
Just for Tonight
40%
The Fool
39%
Aucun quiz correspondant
Distribution des résultats
% des personnes avec chaque résultat
Percentile par nombre de réponses
Votre historique - résultats
Vous n’avez pas pris ce quiz